| 000 | 01102nam0a2200301 4500 | ||
|---|---|---|---|
| 001 | RU\NLR\ONL1\1314 | ||
| 005 | 20251118181801.2 | ||
| 035 | _a(NLR Aleph) 009630072 | ||
| 090 |
_a9487781 _c9487781 |
||
| 100 | _a20030319d1937 c y0rusy50 ca | ||
| 101 | 0 | _akrl | |
| 102 | _aRU | ||
| 105 | _ay ||||||||| | ||
| 200 | 1 |
_aUpraznenjoin sbornikka karielan kieldä myötj _eЧ. 2 _eNajaljnoin şkolan 3-lla i 4-lla klassoilla varoin _fStepanov F. |
|
| 210 |
_aM. _cGos. Ucebno-ped. izd. _d1937 |
||
| 215 |
_a112 c. _cил. _d12 |
||
| 541 | 1 |
_6z01790 _aCборник упражнений по правописанию для 3 и 4 классов начальной школы _zrus |
|
| 606 | 0 |
_aКарельский язык _xОрфография _xУпражнения _92175321 _3RU\NLR\auth-onl\6652 |
|
| 686 | 1 | _aШ166.12-932.81 | |
| 700 | 1 |
_aStepanov _bF. _4070 |
|
| 790 | 1 |
_6z01541 _aСтепанов _bФ. _4070 |
|
| 801 | 0 |
_aRU _bNLR _c20030319 _gPSBO |
|
| 852 |
_aNLR _bОНЛ _jКарел./3-69 |
||
| 899 | _aНБ РК | ||
| 942 | _cBOOK | ||
| 980 | _aNB | ||